[Event "27. Friedensfest-Open (AFRO-A)"]
[Site "Augsburg"]
[Date "2022.08.04"]
[Round "1.32"]
[White "Rempel, Alexander sen."]
[Black "Heyne, Regina"]
[Result "1-0"]
[WhiteElo "1663"]
[BlackElo "1861"]
[EventDate "2022.08.04"]
[WhiteTeam "SF Augsburg"]
[BlackTeam "FC Bayern Muenchen e.V."]

1.d4 d5 2.c4 e6 3.Nc3 Nf6 4.Bg5 Be7 5.e3 O-O 6.Nf3 Nbd7 7.h3 h6 8.Bf4 a6 
9.Be2 dxc4 10.Bxc4 b5 11.Be2 c5 12.dxc5 Nxc5 13.O-O Bb7 14.Rc1 Rc8 15.Nd4 
Qb6 16.Bf3 Rfd8 17.Bxb7 Qxb7 18.Qe2 Nd5 19.Nxd5 Qxd5 20.b3 Qe4 21.Bg3 Rxd4
22.f3 Qd3 23.Qxd3 Rxd3 24.b4 Rxe3 25.Bf2 Re5 26.Rfd1 Ra8 27.bxc5 Rc8 28.c6
Re2 29.Rd7 Bg5 30.Rc5 Kf8 31.Rb7 Rxa2 32.c7 Ke7 33.Rc3 Bf4 34.Bb6 Bg3 35.
Kf1 Rf2+ 36.Bxf2 Bxf2 1-0

[Event "27. Friedensfest-Open (AFRO-A)"]
[Site "Augsburg"]
[Date "2022.08.05"]
[Round "3.33"]
[White "Cordes, Jule Johanne"]
[Black "Schneider, Peter"]
[Result "0-1"]
[WhiteElo "1802"]
[BlackElo "1527"]
[EventDate "2022.08.04"]
[Time "09:30:00"]
[WhiteTeam "Bielefelder SK von 1883"]
[BlackTeam "SC Wolfratshausen 1948 e.V."]

1.d4 d5 2.c4 e6 3.Nc3 Nf6 4.Nf3 c5 5.cxd5 exd5 6.Bg5 Be7 7.dxc5 Nc6 8.e3 
Be6 9.Bb5 O-O 10.Bxc6 bxc6 11.b4 a5 12.a3 Rb8 13.Rb1 Bf5 14.Rb3 Bg4 15.Qd4
Bxf3 16.gxf3 Qd7 17.Bf4 Rb7 18.Ke2 Qf5 19.Rb2 Re8 20.Rhb1 Nd7 21.Qd3 Qf6 
22.Na4 Bxc5 23.Bg3 axb4 24.axb4 Bd6 25.Bxd6 Qxd6 26.h3 Reb8 27.Qc3 f6 28.
Qd4 Rb5 29.Qc3 Ne5 30.f4 Nc4 31.Rb3 Qe6 32.Rh1 Qe4 33.Rd1 Qg2 34.Nc5 Qxh3 
35.Rg1 Qh5+ 36.Ke1 Ra8 37.Qxf6 Qf7 38.Qc3 g6 39.Nd3 Qa7 40.Rb1 Nxe3 41.
Qxc6 Rb6 42.Qc1 Nc4 43.Kf1 Qd7 44.Ne5 Qh3+ 45.Rg2 Rc8 46.Qd1 Qh1+ 47.Rg1 
Qe4 48.Nd3 Rb5 49.Rg2 Qd4 50.f5 Qf6 51.Kg1 Qxf5 52.Rc1 Rf8 53.Qe2 Rbb8 54.
Qd1 Rbe8 55.Nc5 Ne5 56.Qc2 Nf3+ 57.Kf1 Re1+ 58.Rxe1 Qxc2 59.Ra1 Qc4+ 60.
Nd3 Qxd3# 0-1

[Event "27. Friedensfest-Open (AFRO-A)"]
[Site "Augsburg"]
[Date "2022.08.06"]
[Round "6.38"]
[White "Cordes, Jule Johanne"]
[Black "Heyne, Regina"]
[Result "1-0"]
[WhiteElo "1802"]
[BlackElo "1861"]
[EventDate "2022.08.04"]
[Time "15:30:00"]
[WhiteTeam "Bielefelder SK von 1883"]
[BlackTeam "FC Bayern Muenchen e.V."]

1.d4 d5 2.c4 e6 3.Nc3 Nf6 4.Bg5 Be7 5.e3 O-O 6.Nf3 Nbd7 7.cxd5 exd5 8.Bd3 
Re8 9.O-O c6 10.Rb1 Nf8 11.h3 Be6 12.b4 a6 13.a4 Ra7 14.b5 axb5 15.axb5 
Qa5 16.Qc2 h6 17.Bh4 Rc8 18.Bxf6 Bxf6 19.Rfc1 Qd8 20.bxc6 Rxc6 21.Rb3 Nd7 
22.Qb2 Rb6 23.Rb1 Rxb3 24.Qxb3 Nb8 25.Na4 Be7 26.Nb6 Ra3 27.Qd1 Na6 28.
Bxa6 Rxa6 29.Qb3 Qd6 30.Na4 Qa3 31.Qxa3 Bxa3 32.Nc3 Rc6 33.Rb3 Bd6 34.Kf1 
Bc7 35.Ra3 Kf8 36.Ke2 Ke7 37.Kd2 Rb6 38.Ra2 Kd6 39.Ne5 f6 40.Nd3 Kc6 41.
Nc5 Bf5 42.f3 Rb4 43.Ne2 Bb1 44.Ra1 Bd6 45.Na4 Bg6 46.Rc1+ Rc4 47.Nac3 b5 
48.Ra1 Bb4 49.Ra6+ Kb7 50.Ra2 Kb6 51.Rb2 Be8 52.Rxb4 Rxb4 53.Nxd5+ Ka5 54.
Nxb4 Kxb4 55.d5 Kc4 56.e4 f5 57.Kc2 fxe4 58.fxe4 h5 59.Nf4 g5 60.Ne6 g4 
61.d6 gxh3 62.gxh3 Bg6 63.d7 Bxe4+ 64.Kb2 Bf5 65.d8=Q Bxe6 66.Qh4+ 1-0

[Event "27. Friedensfest-Open (AFRO-A)"]
[Site "Augsburg"]
[Date "2022.08.05"]
[Round "4.39"]
[White "Heyne, Regina"]
[Black "Boehm, Bruno"]
[Result "0-1"]
[WhiteElo "1861"]
[BlackElo "1796"]
[EventDate "2022.08.04"]
[Time "15:30:00"]
[WhiteTeam "FC Bayern Muenchen e.V."]
[BlackTeam "SK Freising"]

1.d4 d5 2.c4 e6 3.Nf3 c5 4.e3 Nc6 5.Nc3 Nf6 6.Be2 cxd4 7.Nxd4 Be7 8.O-O 
O-O 9.b3 e5 10.Nf3 e4 11.Nd4 Nxd4 12.Qxd4 dxc4 13.Qxc4 Re8 14.Rd1 Qa5 15.
Bb2 Be6 16.Qb5 Qc7 17.Rac1 Qb8 18.Qa4 Qe5 19.Rd2 Qf5 20.Rcd1 a6 21.Qd4 h5 
22.Qb6 Rab8 23.Na4 Nd5 24.Rxd5 Bxd5 25.Qd4 Bf8 26.Qxd5 Qxd5 27.Rxd5 b5 28.
Nc3 g6 29.Kf1 Bg7 30.Ke1 Rec8 0-1

[Event "27. Friedensfest-Open (AFRO-A)"]
[Site "Augsburg"]
[Date "2022.08.04"]
[Round "2.36"]
[White "Heyne, Regina"]
[Black "Waibel, Manuel"]
[Result "0-1"]
[WhiteElo "1861"]
[BlackElo "1740"]
[EventDate "2022.08.04"]
[Time "15:30:00"]
[WhiteTeam "FC Bayern Muenchen e.V."]
[BlackTeam "Schachges. Augsburg 1873"]

1.d4 d5 2.c4 e6 3.Nf3 Nf6 4.Bg5 Be7 5.e3 Nbd7 6.Bd3 b6 7.O-O O-O 8.Nc3 Bb7
9.Rc1 c5 10.cxd5 exd5 11.b3 Ne4 12.Bxe7 Qxe7 13.Be2 Rfd8 14.Qc2 Rac8 15.
Qb2 Nf8 16.Rfd1 Qf6 17.dxc5 Rxc5 18.Na4 Qxb2 19.Nxb2 Nc3 20.Rc2 Nxd1 21.
Bxd1 Rxc2 22.Bxc2 Rc8 23.Ne1 Ne6 24.f3 d4 25.Kf2 dxe3+ 26.Kxe3 h6 27.Nc4 
Rd8 28.Bd3 Ba6 29.Ne5 Bxd3 30.N1xd3 Nc5 31.Nb4 Re8 32.Kf4 f6 33.Nc4 Re2 
34.Kg3 g5 35.Nd6 h5 36.Nc8 h4+ 37.Kh3 a5 38.Nd5 Rxa2 39.Ncxb6 Nxb3 40.
Nxf6+ Kf7 41.Ne4 Kg6 42.Nc3 Rc2 43.Nbd5 Nc5 44.f4 a4 45.Nb1 Rb2 46.Ndc3 
Ne4 47.Nxa4 Nf2# 0-1

[Event "27. Friedensfest-Open (AFRO-A)"]
[Site "Augsburg"]
[Date "2022.08.05"]
[Round "4.32"]
[White "Mayer, Arnd"]
[Black "Rempel, Alexander sen."]
[Result "1-0"]
[WhiteElo "2036"]
[BlackElo "1663"]
[EventDate "2022.08.04"]
[Time "15:30:00"]
[WhiteTeam "SV Jedesheim 1921"]
[BlackTeam "SF Augsburg"]

1.d4 d5 2.Nf3 e6 3.Bf4 c5 4.e3 Nf6 5.c3 Nc6 6.Nbd2 Be7 7.Ne5 O-O 8.Bd3 h6 
9.h4 Nd7 10.Qg4 f5 11.Qg6 Ndxe5 12.dxe5 Qe8 13.Qg3 Kh7 14.Nf3 Qg6 15.Qh3 
Kg8 16.O-O-O Kf7 17.h5 Qh7 18.g4 Ke8 19.Qg3 Kd8 20.gxf5 exf5 21.Rhg1 Rf7 
22.Bc4 Be6 23.Bxd5 Bxd5 24.Rxd5+ Ke8 25.e6 Rf6 26.Qxg7 Qxg7 27.Rxg7 b6 28.
Rg6 Rd8 29.Rxf6 Bxf6 30.Rxf5 Ke7 31.Bxh6 Kxe6 32.Rxf6+ 1-0

[Event "27. Friedensfest-Open (AFRO-A)"]
[Site "Augsburg"]
[Date "2022.08.07"]
[Round "7.22"]
[White "Speicher, Franz"]
[Black "Goldinger, Peter"]
[Result "0-1"]
[WhiteElo "1842"]
[BlackElo "2059"]
[EventDate "2022.08.04"]
[Time "09:30:00"]
[WhiteTeam "SV Dicker Turm Esslingen"]
[BlackTeam "SF Pfullingen"]

1.d4 d5 2.Nf3 c5 3.e3 Nc6 4.c3 Bg4 5.h3 Bxf3 6.Qxf3 Nf6 7.Bb5 g6 8.dxc5 
Bg7 9.Nd2 O-O 10.Bxc6 bxc6 11.O-O Nd7 12.Nb3 a5 13.e4 a4 14.Nd4 dxe4 15.
Qxe4 Nxc5 16.Qe2 Bxd4 17.cxd4 Ne6 18.Be3 Nxd4 19.Qg4 c5 20.Rfd1 f5 21.Qh4 
e5 22.Qxd8 Rfxd8 23.Bg5 Rdb8 24.Bf6 Re8 25.Kf1 Kf7 26.Bh4 Rab8 27.Rd2 f4 
28.f3 Ke6 29.Rc1 Kd5 30.Rc3 Rb4 31.b3 axb3 32.axb3 h6 33.Bf2 Reb8 34.Bxd4 
exd4 35.Rc1 Rxb3 36.Rdc2 R8b5 0-1

[Event "27. Friedensfest-Open (AFRO-A)"]
[Site "Augsburg"]
[Date "2022.08.05"]
[Round "4.31"]
[White "Engesser, Jonas"]
[Black "Cordes, Jule Johanne"]
[Result "1-0"]
[WhiteElo "2037"]
[BlackElo "1802"]
[EventDate "2022.08.04"]
[Time "15:30:00"]
[WhiteTeam "SC Garching 1980 e.V."]
[BlackTeam "Bielefelder SK von 1883"]

1.d4 d5 2.Nf3 Nf6 3.g3 e6 4.Bg2 Be7 5.O-O O-O 6.c4 b6 7.Qc2 Nbd7 8.cxd5 
exd5 9.Qc6 Rb8 10.Bf4 Bb7 11.Qxc7 Qxc7 12.Bxc7 Rbc8 13.Bf4 Rc2 14.Rc1 Rfc8
15.Nc3 Rxb2 16.Ne5 Rd8 17.Nd3 Ba3 18.Nb1 Rxa2 19.Rxa2 Bxc1 20.Bxc1 a5 21.
Rc2 b5 22.Rc7 Ba8 23.Ra7 a4 24.Nc3 Bc6 25.Nb4 1-0

[Event "27. Friedensfest-Open (AFRO-A)"]
[Site "Augsburg"]
[Date "2022.08.06"]
[Round "6.22"]
[White "Mayer, Arnd"]
[Black "Wunderlich, Elias"]
[Result "1/2-1/2"]
[WhiteElo "2036"]
[BlackElo "1734"]
[EventDate "2022.08.04"]
[Time "15:30:00"]
[WhiteTeam "SV Jedesheim 1921"]
[BlackTeam "SC Garching 1980 e.V."]

1.d4 d5 2.Nf3 Nf6 3.Bf4 c5 4.e3 Nc6 5.c3 cxd4 6.exd4 Bf5 7.Qb3 Qc8 8.Nbd2 
e6 9.Be2 Be7 10.h3 O-O 11.O-O h6 12.Ne5 Ne8 13.Rfe1 Nd6 14.Qa4 Rd8 15.a3 
a6 16.Qd1 b5 17.Nxc6 Qxc6 18.Bxd6 Bxd6 19.Nf3 Rac8 20.Qb3 1/2-1/2

[Event "27. Friedensfest-Open (AFRO-A)"]
[Site "Augsburg"]
[Date "2022.08.04"]
[Round "1.39"]
[White "Speicher, Franz"]
[Black "Schoenwetter, Martin"]
[Result "1/2-1/2"]
[WhiteElo "1842"]
[BlackElo "1498"]
[EventDate "2022.08.04"]
[WhiteTeam "SV Dicker Turm Esslingen"]
[BlackTeam "Schachges. Augsburg 1873"]

1.d4 d5 2.Nf3 Nf6 3.e3 Bg4 4.h3 Bh5 5.g4 Bg6 6.Ne5 e6 7.Nxg6 hxg6 8.Bg2 
Be7 9.c4 c6 10.Qb3 Qc7 11.Nc3 Nbd7 12.Bd2 Nb6 13.cxd5 exd5 14.Rc1 Nc4 15.
g5 Nxd2 16.Kxd2 Ne4+ 17.Nxe4 dxe4 18.h4 Qa5+ 19.Kc2 Qf5 20.Kb1 O-O 21.Qc2 
a5 22.Bxe4 Qe6 23.h5 Bxg5 24.hxg6 fxg6 25.Bxg6 Rf6 26.Bd3 b5 27.Rcg1 Rh6 
28.Rxh6 Bxh6 29.Be4 Ra6 30.Rg6 Qh3 31.Rxc6 Rxc6 32.Qxc6 Qf1+ 33.Qc1 Qxf2 
34.Qc8+ Kf7 35.Bd5+ Kg6 36.Qe6+ Kg5 37.Qe5+ Kh4 38.Qe4+ Kg3 39.Qe5+ Kh4 
40.Qe4+ Kg3 41.Qg6+ Kh2 42.Qh5+ Kg3 43.Qe5+ Kh4 44.Qe4+ Kg3 45.Qg6+ Kh4 
46.Qe4+ Kg3 47.Qg6+ Kh4 1/2-1/2

[Event "27. Friedensfest-Open (AFRO-A)"]
[Site "Augsburg"]
[Date "2022.08.04"]
[Round "2.30"]
[White "Bilandzic, Ante"]
[Black "Wunderlich, Elias"]
[Result "0-1"]
[WhiteElo "1923"]
[BlackElo "1734"]
[EventDate "2022.08.04"]
[Time "15:30:00"]
[WhiteTeam "FC Bayern Muenchen e.V."]
[BlackTeam "SC Garching 1980 e.V."]

1.d4 d5 2.Nf3 Nf6 3.Bf4 c5 4.c3 Nc6 5.e3 cxd4 6.exd4 Bf5 7.Bd3 Bxd3 8.Qxd3
e6 9.Nbd2 Bd6 10.Bg5 h6 11.Bh4 Be7 12.O-O O-O 13.Rfe1 Nd7 14.Bg3 Nb6 15.
Ne5 Nxe5 16.Bxe5 Bd6 17.Qg3 Bxe5 18.Rxe5 Rc8 19.Rh5 Qf6 20.Re1 Kh7 21.Nf3 
Qg6 22.Qh3 Nd7 23.g4 Rce8 24.Nh4 Qc2 25.g5 f6 26.g6+ Kg8 27.Qe3 f5 28.Ng2 
f4 29.Qh3 Qxg6 30.Kh1 f3 31.Ne3 Nf6 32.Rh4 Ne4 33.Rf1 Rf6 34.Ng4 Rf5 35.
Ne5 Qf6 36.Ng4 Qg5 37.Nxh6+ gxh6 38.Rg4 Kg7 39.Rxg5+ hxg5 40.Qg4 Rh8 41.
Qg1 Rf4 42.Re1 Kf6 43.Re3 Rh3 44.c4 Rg4 45.Rxf3+ Rxf3 46.Qxg4 Nxf2+ 47.Kg2
Nxg4 48.Kxf3 Nxh2+ 49.Kg2 Ng4 50.Kf3 Kf5 51.c5 Nf6 52.b4 e5 53.dxe5 Kxe5 
54.b5 g4+ 55.Ke2 Ne4 56.c6 bxc6 57.bxc6 Kd6 0-1

[Event "27. Friedensfest-Open (AFRO-A)"]
[Site "Augsburg"]
[Date "2022.08.04"]
[Round "1.28"]
[White "Gode, Gero"]
[Black "Parsch, Christian"]
[Result "0-1"]
[WhiteElo "1754"]
[BlackElo "1879"]
[EventDate "2022.08.04"]
[WhiteTeam "SK Mering"]
[BlackTeam "SC Roter Turm Altstadt"]

1.d4 d5 2.Nf3 Nf6 3.e3 c5 4.b3 Nc6 5.Bd3 Bg4 6.Nbd2 cxd4 7.exd4 Nxd4 8.Bb2
Nxf3+ 9.Nxf3 a6 10.h3 Qa5+ 11.Qd2 Qxd2+ 12.Nxd2 Bh5 13.O-O e6 14.g4 Bg6 
15.g5 Bxd3 16.cxd3 Nh5 17.h4 Nf4 18.d4 h6 19.Nf3 Bd6 20.Bc1 hxg5 21.hxg5 
Rh3 22.Ne5 Rh4 23.Be3 Ke7 24.f3 Rah8 25.Bxf4 Rxf4 26.g6 Bxe5 27.dxe5 Rh5 
28.Rac1 Kd7 29.Rc3 Rxe5 30.gxf7 Rxf7 31.Rfc1 Kd6 32.Kf2 g5 33.Kg3 d4 34.
Rd3 Rd5 35.Rc8 Rc7 36.Rg8 Rc2 37.Rd8+ Ke5 38.Rg8 Kf6 39.a4 b6 40.Rb8 Rc3 
41.Rxc3 dxc3 42.Rc8 Rc5 0-1

[Event "27. Friedensfest-Open (AFRO-A)"]
[Site "Augsburg"]
[Date "2022.08.07"]
[Round "7.13"]
[White "Luhn, Robert"]
[Black "Schneider, Peter"]
[Result "1-0"]
[WhiteElo "1989"]
[BlackElo "1527"]
[EventDate "2022.08.04"]
[Time "09:30:00"]
[WhiteTeam "SK Caissa Augsburg"]
[BlackTeam "SC Wolfratshausen 1948 e.V."]

1.d4 d5 2.Nf3 Nf6 3.c4 e6 4.Nc3 c5 5.cxd5 exd5 6.Bg5 cxd4 7.Bxf6 Qxf6 8.
Nxd5 Qd6 9.Qxd4 Nc6 10.Qe4+ Be6 11.Rd1 Rd8 12.Nf6+ gxf6 13.Rxd6 Bxd6 14.a3
O-O 15.e3 Bd5 16.Qh4 Kg7 17.Bd3 h6 18.Qg4+ 1-0

[Event "27. Friedensfest-Open (AFRO-A)"]
[Site "Augsburg"]
[Date "2022.08.06"]
[Round "5.24"]
[White "Luhn, Robert"]
[Black "Waibel, Manuel"]
[Result "1-0"]
[WhiteElo "1989"]
[BlackElo "1740"]
[EventDate "2022.08.04"]
[Time "09:30:00"]
[WhiteTeam "SK Caissa Augsburg"]
[BlackTeam "Schachges. Augsburg 1873"]

1.d4 d5 2.Nf3 Nf6 3.c4 e6 4.Nc3 Be7 5.Bg5 Nbd7 6.e3 O-O 7.Bd3 b6 8.cxd5 
exd5 9.O-O Bb7 10.Qe2 Ne4 11.Bxe7 Qxe7 12.Ba6 Nxc3 13.bxc3 Bxa6 14.Qxa6 g5
15.Qb7 g4 16.Ne1 Qd6 17.e4 dxe4 18.Qxe4 f5 19.Qe2 Rf6 20.Qc4+ Kg7 21.Nd3 
Rh6 22.g3 Rf6 23.Nf4 Rh6 24.Rae1 Nf8 25.Re5 Qd7 26.Rfe1 Ng6 27.Nxg6 Kxg6 
28.Re7 1-0

[Event "27. Friedensfest-Open (AFRO-A)"]
[Site "Augsburg"]
[Date "2022.08.06"]
[Round "6.28"]
[White "Muench, Klaus-Norbert, Dr."]
[Black "Schuelke, Tilman"]
[Result "0-1"]
[WhiteElo "2149"]
[BlackElo "1867"]
[EventDate "2022.08.04"]
[Time "15:30:00"]
[WhiteTeam "Schachges. Augsburg 1873"]
[BlackTeam "SF Pfullingen"]

1.d4 d6 2.c4 e5 3.dxe5 dxe5 4.Qxd8+ Kxd8 5.Nc3 Be6 6.Nf3 f6 7.e4 c6 8.Be3 
Nd7 9.O-O-O Kc7 10.Na4 Ne7 11.Be2 Nc8 12.Nd2 Ncb6 13.Nxb6 axb6 14.Kb1 Bc5 
15.f3 Bxe3 0-1

[Event "27. Friedensfest-Open (AFRO-A)"]
[Site "Augsburg"]
[Date "2022.08.04"]
[Round "1.22"]
[White "Boehm, Bruno"]
[Black "Struck, Christian"]
[Result "0-1"]
[WhiteElo "1796"]
[BlackElo "1933"]
[EventDate "2022.08.04"]
[WhiteTeam "SK Freising"]
[BlackTeam "SF Augsburg"]

1.d4 d6 2.c4 e5 3.Nf3 e4 4.Ng5 f5 5.h4 c6 6.e3 Nf6 7.Be2 Be7 8.Nc3 O-O 9.
d5 c5 10.Bd2 h6 11.Nh3 Nbd7 12.Nf4 Ne5 13.h5 Bd7 14.f3 Rb8 15.Qc2 a6 16.
O-O-O b5 17.Ng6 b4 18.Nxf8 bxc3 19.Bxc3 Qxf8 20.Bxe5 dxe5 21.Rdf1 Qd8 22.
Qc3 Bd6 23.Bd1 Qb6 24.Rf2 Qb4 25.Rc2 Ba4 26.b3 Qa3+ 27.Qb2 Qxb2+ 28.Rxb2 
Be8 29.g4 exf3 30.gxf5 e4 31.Rf2 Ng4 0-1

[Event "27. Friedensfest-Open (AFRO-A)"]
[Site "Augsburg"]
[Date "2022.08.04"]
[Round "1.7"]
[White "Engesser, Jonas"]
[Black "Niedermeier, Thomas"]
[Result "0-1"]
[WhiteElo "2037"]
[BlackElo "2253"]
[EventDate "2022.08.04"]
[WhiteTeam "SC Garching 1980 e.V."]
[BlackTeam "SV Ilmmuenster"]

1.d4 e6 2.Nf3 f5 3.g3 Nf6 4.Bg2 Be7 5.O-O O-O 6.c4 d6 7.Nc3 Ne4 8.Qc2 Nxc3
9.Qxc3 a5 10.b3 Bf6 11.Bb2 Nc6 12.Rad1 Qe8 13.Qc2 e5 14.dxe5 dxe5 15.e4 
Qh5 16.exf5 Bxf5 17.Qc1 Bg4 18.Qe3 e4 19.Rd5 exf3 20.Bxf6 fxg2 21.Rc1 Qe8 
22.Bxg7 Qxe3 23.fxe3 Bh3 24.Bxf8 Rxf8 25.Rdd1 Ne5 26.e4 Nf3+ 27.Kf2 Nxh2+ 
28.Kg1 Rf1+ 29.Kxh2 g1=Q+ 0-1

[Event "27. Friedensfest-Open (AFRO-A)"]
[Site "Augsburg"]
[Date "2022.08.06"]
[Round "6.9"]
[White "Jacob, Dominik"]
[Black "Rentschler, Hans-Joachim"]
[Result "1/2-1/2"]
[WhiteElo "1758"]
[BlackElo "2087"]
[EventDate "2022.08.04"]
[Time "15:30:00"]
[WhiteTeam "BC Aichach"]
[BlackTeam "TSV Langenau"]

1.d4 e6 2.Bf4 d5 3.e3 Nf6 4.c3 Bd6 5.Bg3 O-O 6.Bd3 b6 7.Nf3 Ba6 8.Bxa6 
Nxa6 9.Qd3 Nb8 10.Ne5 Bxe5 11.dxe5 Nfd7 12.Nd2 c5 13.e4 Nc6 14.f4 c4 15.
Qe2 Nc5 16.O-O f5 17.exd5 exd5 18.Rad1 Qe8 19.Nf3 Rd8 20.Bh4 Rd7 21.Bf2 
Nd3 22.Be3 Qh5 23.Rd2 Rfd8 24.Ne1 Qxe2 25.Rxe2 d4 26.cxd4 Nxd4 27.Bxd4 
Rxd4 28.Nxd3 cxd3 29.Rd2 Kf7 30.g3 Ke6 31.Kf2 g5 32.fxg5 Kxe5 33.Re1+ Kd5 
34.Red1 Kc4 35.Rc1+ Kb4 36.Rc7 R8d7 37.Rc3 a5 38.Ke3 Re4+ 39.Kf3 Red4 40.
Ke3 Re4+ 41.Kf3 Red4 42.Ke3 1/2-1/2

[Event "27. Friedensfest-Open (AFRO-A)"]
[Site "Augsburg"]
[Date "2022.08.06"]
[Round "6.11"]
[White "Engesser, Jonas"]
[Black "Dannehr, Juergen"]
[Result "1/2-1/2"]
[WhiteElo "2037"]
[BlackElo "1922"]
[EventDate "2022.08.04"]
[Time "15:30:00"]
[WhiteTeam "SC Garching 1980 e.V."]
[BlackTeam "SV Gifhorn"]

1.d4 e6 2.Nf3 Nf6 3.g3 d5 4.Bg2 Be7 5.O-O O-O 6.c4 dxc4 7.Qc2 a6 8.a4 Nc6 
9.Qxc4 a5 10.Bg5 h6 11.Bxf6 Bxf6 12.e3 Nb4 13.Nbd2 g6 14.Rac1 c6 15.Rfd1 
Qe7 16.Qe2 e5 17.dxe5 Bxe5 18.Nxe5 Qxe5 19.Nc4 Qe7 20.Rd4 Be6 21.Re4 Rad8 
22.Bh3 Nd3 23.Rc2 Nc5 24.Rh4 Bxh3 25.Rxh3 Kg7 26.Nxa5 Rd5 27.Rh4 Rfd8 28.
e4 Rd1+ 29.Kg2 g5 30.Rh5 Nd3 31.Rc3 Rd2 32.Qxd2 Nf4+ 33.Qxf4 gxf4 34.e5 
Kg6 35.Rh4 Qxe5 36.Nxb7 Qd5+ 37.Kh3 Qd7+ 38.Rg4+ Kh7 39.Nxd8 1/2-1/2

[Event "27. Friedensfest-Open (AFRO-A)"]
[Site "Augsburg"]
[Date "2022.08.06"]
[Round "5.23"]
[White "Gode, Gero"]
[Black "Kamenskyi, Dmytro"]
[Result "1-0"]
[WhiteElo "1754"]
[BlackElo "1996"]
[EventDate "2022.08.04"]
[Time "09:30:00"]
[WhiteTeam "SK Mering"]
[BlackTeam "SK Kriegshaber"]

1.d4 e6 2.Nf3 c5 3.e3 Nf6 4.Bd3 d5 5.b3 b6 6.Nbd2 Bb7 7.Bb2 Nc6 8.a3 Bd6 
9.Ne5 Qc7 10.f4 Ne7 11.Qe2 O-O 12.O-O Ne4 13.Rf3 f6 14.Rh3 Nf5 15.Nef3 
Nxd2 16.Nxd2 cxd4 17.Bxd4 g6 18.Bb2 Rae8 19.g4 Ng7 20.Qf2 e5 21.Qh4 Ne6 
22.Bxg6 Re7 23.Bf5 d4 24.Nc4 b5 25.Nxd6 Qxd6 26.Bxh7+ Kf7 27.Qh5+ Kg7 28.
Qh6+ Kh8 29.Bg6+ Kg8 30.Qh8# 1-0

[Event "27. Friedensfest-Open (AFRO-A)"]
[Site "Augsburg"]
[Date "2022.08.05"]
[Round "3.8"]
[White "Grimberg, Boris"]
[Black "Kraemer, Max"]
[Result "1-0"]
[WhiteElo "2328"]
[BlackElo "2059"]
[EventDate "2022.08.04"]
[Time "09:30:00"]
[WhiteTeam "SAbt TSV Haunstetten"]
[BlackTeam "SK Caissa Augsburg"]

1.d4 e6 2.Nf3 Nf6 3.e3 b6 4.Bd3 Bb7 5.Nbd2 d5 6.O-O Nbd7 7.Ne5 Nxe5 8.dxe5
Nd7 9.f4 g6 10.b3 Bc5 11.Nf3 f5 12.Qe1 Qe7 13.a3 a5 14.Bb2 c6 15.Qe2 b5 
16.c3 O-O 17.h3 a4 18.b4 Ba7 19.Kh2 Nb6 20.Rg1 Nc4 21.Nd4 Kf7 22.g4 Bxd4 
23.exd4 Rh8 24.Rg3 Rag8 25.Rag1 Bc8 26.Bc1 Kf8 27.Qg2 Rg7 28.Qc2 Qa7 29.h4
Rf7 30.Qg2 Rg7 31.Qh3 Rhg8 32.Kg2 Qe7 33.Kf2 Qa7 34.h5 Qe7 35.hxg6 hxg6 
36.Qh6 Kf7 37.Be2 Qf8 38.gxf5 exf5 39.Bh5 Be6 40.Bxg6+ Ke7 41.Qh4+ Kd7 42.
Qf6 Nd6 43.Ke1 Nf7 44.Bd2 Qe7 45.Kf2 Nh6 46.Be8+ Kxe8 47.Rxg7 Rxg7 48.Qxh6
Rxg1 49.Kxg1 Qf7 50.Be1 Kd7 51.Bh4 Qg8+ 52.Bg5 Qf7 53.Qh8 Qg8 54.Qf6 Qe8 
55.Qh6 Qf7 56.Kf2 Qg8 57.Kg3 Qf7 58.Kh4 Qe8 59.Qf6 Kc7 60.Bh6 Kd7 61.Kg5 
Qg8+ 62.Qg6 Qd8+ 63.Qf6 Qg8+ 64.Bg7 Qe8 65.Bf8 Qd8 66.Qxd8+ Kxd8 67.Kf6 
Bc8 68.e6 Ke8 69.Bd6 Bb7 70.Kxf5 Ba6 71.Ke5 1-0

[Event "27. Friedensfest-Open (AFRO-A)"]
[Site "Augsburg"]
[Date "2022.08.06"]
[Round "5.31"]
[White "Boehm, Bruno"]
[Black "Kraemer, Max"]
[Result "0-1"]
[WhiteElo "1796"]
[BlackElo "2059"]
[EventDate "2022.08.04"]
[Time "09:30:00"]
[WhiteTeam "SK Freising"]
[BlackTeam "SK Caissa Augsburg"]

1.d4 e6 2.c4 b6 3.e4 Bb7 4.Nd2 Bb4 5.Qc2 Qh4 6.Bd3 f5 7.Nf3 Qg4 8.Kf1 Nf6 
9.Ne5 Qh5 10.exf5 O-O 11.Ne4 Nxe4 12.Bxe4 Bxe4 13.Qb3 Qxf5 14.Qg3 Bd6 15.
Bh6 Bxe5 0-1

[Event "27. Friedensfest-Open (AFRO-A)"]
[Site "Augsburg"]
[Date "2022.08.05"]
[Round "4.6"]
[White "Kleih, Julian"]
[Black "Niedermeier, Thomas"]
[Result "1/2-1/2"]
[WhiteElo "1868"]
[BlackElo "2253"]
[EventDate "2022.08.04"]
[Time "15:30:00"]
[WhiteTeam "SV Dettingen Erms"]
[BlackTeam "SV Ilmmuenster"]

1.d4 e6 2.c4 f5 3.g3 Nf6 4.Nf3 Be7 5.Bg2 O-O 6.O-O d6 7.b3 Ne4 8.Bb2 Bf6 
9.Nfd2 Nxd2 10.Nxd2 e5 11.dxe5 dxe5 12.e4 Nc6 13.exf5 Bxf5 14.Ne4 Be7 15.
Nc3 Bc5 16.Nd5 a5 17.a3 Bd4 18.Bxd4 exd4 19.Re1 Qd6 20.Qd2 Kh8 21.b4 axb4 
22.axb4 Rxa1 23.Rxa1 d3 24.Qc3 h6 25.Re1 Rf7 26.Re8+ Kh7 27.Bf1 b5 28.Bxd3
bxc4 29.Bxc4 Qd7 30.Re1 Bg6 31.Nf4 Rxf4 32.gxf4 Nd4 33.Bf1 Qg4+ 34.Bg2 
Ne2+ 35.Rxe2 Qxe2 36.Qe3 Qc2 37.Qe1 Qc4 38.Qd2 Bd3 39.h3 Bf5 1/2-1/2

[Event "27. Friedensfest-Open (AFRO-A)"]
[Site "Augsburg"]
[Date "2022.08.07"]
[Round "7.39"]
[White "Boehm, Bruno"]
[Black "Jovy, Klaus"]
[Result "0-1"]
[WhiteElo "1796"]
[BlackElo "1850"]
[EventDate "2022.08.04"]
[Time "09:30:00"]
[WhiteTeam "SK Freising"]
[BlackTeam "SK Mering"]

1.d4 e6 2.c4 f5 3.Nc3 Nf6 4.g3 c6 5.Bg2 d5 6.Nh3 Ne4 7.O-O Be7 8.Bf4 O-O 
9.cxd5 exd5 10.Qc2 Nd7 11.f3 Ng5 12.e4 fxe4 13.fxe4 dxe4 14.Bxg5 Bxg5 15.
Qb3+ Kh8 16.Nxg5 Qxg5 17.Nxe4 Qe7 18.Rae1 Nb6 19.Rxf8+ Qxf8 20.Rf1 Qd8 21.
Nd6 Qxd6 22.Qe3 Be6 23.Re1 Bg8 24.b3 Rd8 25.Bh3 Nd5 26.Qf2 Nf6 27.d5 c5 
28.Be6 Nxd5 29.Bxg8 Kxg8 30.Rd1 b6 31.Rd3 Qe6 32.Qf3 Rd7 33.Kg2 h6 34.a4 
Nf6 35.h3 Rxd3 36.Qxd3 Qd5+ 0-1

[Event "27. Friedensfest-Open (AFRO-A)"]
[Site "Augsburg"]
[Date "2022.08.04"]
[Round "2.13"]
[White "Knoll, Georg"]
[Black "Rentschler, Hans-Joachim"]
[Result "0-1"]
[WhiteElo "1985"]
[BlackElo "2087"]
[EventDate "2022.08.04"]
[Time "15:30:00"]
[WhiteTeam "VfL Leipheim 1898"]
[BlackTeam "TSV Langenau"]

1.d4 e6 2.c4 Bb4+ 3.Nd2 Nf6 4.a3 Be7 5.e4 d5 6.e5 Nfd7 7.b4 a5 8.Bb2 axb4 
9.axb4 Rxa1 10.Bxa1 Bxb4 11.c5 c6 12.Nf3 b6 13.cxb6 Qxb6 14.Be2 Ba6 15.O-O
O-O 16.Bxa6 Qxa6 17.Qc2 c5 18.Ng5 g6 19.Bb2 Nc6 20.dxc5 Bxc5 21.Ndf3 Nb4 
22.Qd2 Qd3 23.Qf4 Qf5 24.Qh4 h5 25.h3 Be7 26.g4 Qxf3 27.Nxf3 Bxh4 28.Nxh4 
Nd3 29.Ba1 hxg4 30.hxg4 N3xe5 31.g5 Ra8 32.f4 Ra4 33.Ng2 Nd3 34.Kh2 Kf8 
35.Bc3 Ke7 36.Rf3 N7c5 37.Kh3 Kd6 38.Bg7 Kc6 39.Kg3 Ra2 40.Bd4 Rxg2+ 41.
Kxg2 Ne1+ 42.Kf2 Nxf3 43.Kxf3 Nb3 44.Bb2 Kc5 45.Ke3 Kc4 0-1

[Event "27. Friedensfest-Open (AFRO-A)"]
[Site "Augsburg"]
[Date "2022.08.07"]
[Round "7.29"]
[White "Niekisch, Dirk"]
[Black "Hoeller, Armin"]
[Result "1-0"]
[WhiteElo "1770"]
[BlackElo "2045"]
[EventDate "2022.08.04"]
[Time "09:30:00"]
[WhiteTeam "SV Worms 1878"]
[BlackTeam "SK Weilheim e.V."]

1.d4 f5 2.Nf3 Nf6 3.Bf4 e6 4.e3 d5 5.h3 c5 6.c3 Nc6 7.Nbd2 Be7 8.Bd3 O-O 
9.Rg1 Ne4 10.Ne5 cxd4 11.exd4 Bd7 12.Qe2 Nxe5 13.Bxe5 Bc6 14.Nf3 Qe8 15.
O-O-O b5 16.g4 f4 17.Nd2 Bg5 18.Nf3 Be7 19.Nd2 Qg6 20.f3 Qh6 21.Nxe4 dxe4 
22.Bxe4 Bxe4 23.Qxe4 Bh4 24.Bd6 Rfe8 25.Bxf4 Qf6 26.g5 Qf5 27.Rg4 Bf2 28.
Rf1 Qxe4 29.fxe4 e5 30.Rxf2 exf4 31.Rgxf4 1-0

[Event "27. Friedensfest-Open (AFRO-A)"]
[Site "Augsburg"]
[Date "2022.08.05"]
[Round "3.36"]
[White "Boehm, Bruno"]
[Black "Hoeller, Armin"]
[Result "0-1"]
[WhiteElo "1796"]
[BlackElo "2045"]
[EventDate "2022.08.04"]
[Time "09:30:00"]
[WhiteTeam "SK Freising"]
[BlackTeam "SK Weilheim e.V."]

1.d4 f5 2.e4 fxe4 3.Nc3 Nf6 4.Bg5 Nc6 5.f3 d5 6.fxe4 Bg4 7.Be2 Bxe2 8.
Ngxe2 dxe4 9.Bxf6 exf6 10.O-O Qe7 11.Nd5 Qd7 12.c4 O-O-O 13.Qa4 Kb8 14.b4 
Nxd4 15.Qxd7 Nxe2+ 16.Kf2 Rxd7 17.Kxe2 c6 18.Nxf6 gxf6 19.c5 Bg7 20.Rad1 
Rhd8 21.Rxd7 Rxd7 22.Ke3 Re7 23.Rd1 Bh6+ 24.Ke2 Kc7 25.Rd6 Bg5 26.g3 Rd7 
27.h4 Bxh4 0-1